000 00497nam a2200205Ia 4500
003 OSt
005 20220923230855.0
006 a|||||r|||| 00| 0
007 ta
008 Pun
024 _a306,207
037 _cTextual
040 _aARTS
_cARTS
_bPun
041 _2Pun
_aPun
082 _aP153, J6
245 0 _aਪੰਜਾਬੀ ਉੱਤੇ ਹੋਰ ਭਾFਾਵਾਂ ਦਾ ਪ੍ਰਭਾਵ
260 _c1956
942 _hP153, J6
_cTEXL
_2CC
999 _c387994
_d387994